0926-水戸市(茨城県)の駅 - Statistics

General Stats
  • This quiz has been taken 42 times
  • The average score is 4 of 6
Answer Stats
Answer % Correct
水戸
100%
赤塚
81%
偕楽園
81%
内原
76%
東水戸
59%
常澄
46%
No matching quizzes found
Score Distribution
Percent of People with Each Score
Percentile by Number Answered
Your Score History
You have not taken this quiz